With Christ after the lost: (Record no. 10989)

000 -LEADER
fixed length control field 00580nam a2200181 a 4500
001 - CONTROL NUMBER
control field :::00008782$&:&@@
003 - CONTROL NUMBER IDENTIFIER
control field OkBaRHE
005 - DATE AND TIME OF LATEST TRANSACTION
control field 20000607103346.0
008 - FIXED-LENGTH DATA ELEMENTS--GENERAL INFORMATION
fixed length control field s1919 j 000 0 eng u
040 ## - CATALOGING SOURCE
Transcribing agency
100 1# - MAIN ENTRY--PERSONAL NAME
Personal name Scarcorough, L.R.
245 10 - TITLE STATEMENT
Title With Christ after the lost:
Remainder of title a search for souls.
260 ## - PUBLICATION, DISTRIBUTION, ETC. (IMPRINT)
Place of publication, distribution, etc Nashville, TN., :
Name of publisher, distributor, etc The Sunday School Board of the Southern Baptist Convention
Date of publication, distribution, etc 1919
300 ## - PHYSICAL DESCRIPTION
Extent 352 p.
650 ## - SUBJECT ADDED ENTRY--TOPICAL TERM
Topical term or geographic name as entry element Evangelism
942 ## - ADDED ENTRY ELEMENTS (KOHA)
Source of classification or shelving scheme
Koha item type Books
Copies
Copy number Damaged status Date acquired Barcode Koha item type Full call number Lost status Source of classification or shelving scheme Not for loan Price effective from Shelving location Withdrawn status Date last seen Permanent Location
1 2010-04-148782BooksBV 3795 .S3   2010-04-14General Stacks 2010-04-14RHEMA Bible Training College